Advances in forestry research in india
| Main Author: | |
|---|---|
| Format: | Book |
| Published: |
New Delhi :
Cyber Tech Publications ,
2011
|
| Subjects: |
MARC
| LEADER | 00000cam a2200000 7i4500 | ||
|---|---|---|---|
| 001 | 0000039724 | ||
| 005 | 20140102.0 | ||
| 008 | 140102 | ||
| 020 | |a 8189473761 | ||
| 090 | 0 | 0 | |a 634.92 |b BHA |
| 100 | 1 | |a Bhardwaj R.K. | |
| 245 | 1 | 0 | |a Advances in forestry research in india |c R.K.Bhardwaj |
| 260 | |a New Delhi : |b Cyber Tech Publications , |c 2011 | ||
| 650 | 0 | |a Automation |x Periodicals | |
| 650 | 0 | |a Periodicals | |
| 999 | |a 0001228514 |b Book |c REFERENCE |e Perbadanan Perpustakaan Awam Johor | ||